Design and development of erosion wear test-up:solid particles and slurry erosion techniques / (Record no. 25131)
[ view plain ]
| 000 -LEADER | |
|---|---|
| fixed length control field | 00918ntm a22002177a 4500 |
| 005 - DATE AND TIME OF LATEST TRANSACTION | |
| control field | 20170810125640.0 |
| 008 - FIXED-LENGTH DATA ELEMENTS--GENERAL INFORMATION | |
| fixed length control field | 170802s2013 xx a frb 000 0 eng d |
| 040 ## - CATALOGING SOURCE | |
| Original cataloging agency | EG-ScBUE |
| Language of cataloging | eng |
| Transcribing agency | EG-ScBUE |
| 082 ## - DEWEY DECIMAL CLASSIFICATION NUMBER | |
| Edition number | 22 |
| Classification number | 621 |
| Item number | FOU |
| 100 1# - MAIN ENTRY--PERSONAL NAME | |
| Personal name | Fouad, Amr Bahaa EL-deen. |
| 245 10 - TITLE STATEMENT | |
| Title | Design and development of erosion wear test-up:solid particles and slurry erosion techniques / |
| Statement of responsibility, etc | by Amr Bahaa EL-deen Fouad, Ibrahim Shoukry Mohamed Ibrahim EL-Zenouki. |
| 260 ## - PUBLICATION, DISTRIBUTION, ETC. (IMPRINT) | |
| Date of publication, distribution, etc | 2013 |
| 300 ## - PHYSICAL DESCRIPTION | |
| Extent | vii , 78 p. : |
| Other physical details | ill ; |
| Dimensions | 28 cm. |
| 500 ## - GENERAL NOTE | |
| General note | A dissertation Submitted to the faculty of engineering,the Biritish university in Egypt,in partial Fulfillment of the requirements for the bachelor degree in mechanical engineering. |
| 590 ## - LOCAL NOTE (RLIN) | |
| Local note | karima |
| 650 #7 - SUBJECT ADDED ENTRY--TOPICAL TERM | |
| Source of heading or term | BUEsh |
| Topical term or geographic name as entry element | Mechanical Engineering |
| Form subdivision | Projects |
| 653 ## - INDEX TERM--UNCONTROLLED | |
| Resource For college | Engineering, Chemical |
| Arrived date list | August2017 |
| 655 ## - INDEX TERM--GENRE/FORM | |
| Form subdivision | |
| 700 1# - ADDED ENTRY--PERSONAL NAME | |
| Title of a work | EL-zenouki, Ibrahim Shoukry Mohamed Ibrahim, |
| Dates associated with a name | ths. |
| 942 ## - ADDED ENTRY ELEMENTS (KOHA) | |
| Source of classification or shelving scheme | Dewey Decimal Classification |
| Withdrawn status | Lost status | Source of classification or shelving scheme | Damaged status | Not for loan | Home library | Current library | Shelving location | Date acquired | Total Checkouts | Full call number | Barcode | Date last seen | Koha item type |
|---|---|---|---|---|---|---|---|---|---|---|---|---|---|
| Dewey Decimal Classification | Central Library | Central Library | Second Floor | 06/08/2017 | 621 FOU | 000046280 | 15/07/2025 | Projects - Students (NB) |